000 01132nam a2200301 i 4500
003 EG-GICUC
005 20260121101453.0
008 251211s2002 ua ||||fr|||| 00| 0 ara d
040 _a EG-GICUC
_bara
_c EG-GICUC
_d EG-GICUC
_erda
041 0 _aara
082 0 4 _221
_a343.522
_bع ب . م
092 0 4 _221
099 _aLaw1 10 343.522 ع ب . م 2002
100 0 _aعباس هشام السعدى
_eمؤلف.
245 1 0 _aمسؤولية الفرد الجنائية عن الجريمة الدولية /
_cالدكتور عباس هشام السعدى.
264 1 _aالإسكندرية
_bدار المطبوعات الجامعية،
_c2002
300 _a330 صفحة ؛
_c24 سم.
336 _2rda content
_atext
337 _2rda media
_aComputer
338 _2rda carrier
_aOnline Resource
504 _a. 301 ببليوجرافيا: صفحات
546 _aالنص باللغة العربية
650 1 4 _aأركان الجريمة الدولية
650 1 4 _aالقانون الجنائي
856 4 0 _uhttps://fll.law.cu.edu.eg/fulltext/bks/B10-06625.pdf
905 _a77
_eHassnaa
942 _2ddc
_cBK
_e21
_n0
999 _c49884
_d49884